000 00600pam a2200229 a 4500
001 4344339
005 20180127054058.0
008 890627s1989 nyua b 001 0 eng c
010 _a 89017273
020 _a0443085951
040 _aDNLM/DLC
_cDLC
_dDLC
041 _aeng
060 _aWO 218 R323c
080 _a617.96
082 0 0 _a617.96 REE
_220
100 1 _a5
101 _aSHK
245 1 0 _aClinical cases in anesthesia /
_cAllan P. Reed, Joel A. Kaplan.
504 _aIncludes bibliographies and index.
906 _a7
_bcbc
_corignew
_d1
_eocip
_f19
_gy-gencatlg
942 _2ddc
_cBK
999 _c41093
_d41093